000
00249 a2200109 4500
001
63606
082
_a
629.1341 HIS
090
_c
37601
_d
37601
100
_a
Hiscocks, R.D
245
_a
A care Study in aircraft design
_h
English
260
_b
AIAA
942
_a
CAE NUST
_k
629.1341 HIS
999
_c
298679
_d
298679